Times-chambers first learners's dictionary
| Format: | Book |
|---|---|
| Published: |
Singapore :
Federal Publication ,
1988
|
| Subjects: |
MARC
| LEADER | 00000cam a2200000 7i4500 | ||
|---|---|---|---|
| 001 | 0000000197 | ||
| 002 | 000000261 | ||
| 005 | 20060215.0 | ||
| 020 | |a 981013701X | ||
| 090 | 0 | 0 | |a 423 |b TIM |
| 245 | 0 | 0 | |a Times-chambers first learners's dictionary |c compiler A Ender |
| 260 | |a Singapore : |b Federal Publication , |c 1988 | ||
| 300 | |a 304p : |b ill ; |c 28cm. | ||
| 650 | 0 | 0 | |a Dictionaries |x Juvenile literature |
| 740 | 0 | |a First learners' dictionary | |
| 999 | |a 027506 |b BUKU |c JUNIOR BOOKS |e PERPUSTAKAAN KOMUNITI PETALING JAYA | ||